Les sept merveilles du monde EXPERT - Statistiques

Statistiques générales
  • Ce quiz a été pris 134 fois
  • Le résultat moyen est 5 sur 7
Statistiques - réponses
Pays Capitale Constructeur(s) Réponse % Correct
Inde New Delhi Shâh Jahân taj mahal
89%
Jordanie Amman Nabatéens petra
78%
Chine Beijing Qin Shihuang grande muraille de chine
66%
Bresil Brasilia Paul Landowski christ rédempteur
65%
Perou Lima Incas machu picchu
65%
Mexique Mexico Mayas chichen itza
54%
Italie Rome Romains colisée de rome
40%
Aucun quiz correspondant
Distribution des résultats
% des personnes avec chaque résultat
Percentile par nombre de réponses
Votre historique - résultats
Vous n’avez pas pris ce quiz